00281nam a2200109Ia 4500008004100000082002000041100001500061245004800076260002300124300000800147650001600155191201s2004 xx 000 0 und d a621.381548bGHI aGHOSH, A K 0aIntroduction to Instrumentation and Control aN.DelhibPHIc2004 a325 aB.Tech(ECE)